00671nam a2200205Ia 450000500170000000800410001702000150005805000200007310000370009324501090013026000300023930000180026933600100028733700140029733800120031144000510032350400320037465000410040665000180044720231102150858.0120626s1991 mx 000 0 spa d a9586530175 aTS156bG66 1991 aGómez Saavedra, Eduardoeautor aEl control total de la calidadc/ Eduardo Gómez Saavedrab : como una estrategia de comercialización aBogotáb: Legisc, 1991 a350 páginas atexto asin medio avolumen aColección manuales prácticos para gerentes aBibliografía: p,. 348-350 aCONTROL DE CALIDADxADMINISTRACIÓN aCALIDAD TOTAL